000 00708cam a22002531 4500
001 26307
003 BD-RjUL
005 20211209051010.0
008 140322s1961 nyu 001 0 eng
035 _a(BD-RjUL)26377
035 _a(OCoLC)9230203
040 _aDLC
_cICarbS
_dUk
_dDLC
_dBD-RjUL
_beng
041 _aeng
082 _a954.02
_bSRB 1961
100 1 _aSrinivasan, C. K.
_980879
245 1 0 _aBaji Rao I, the great Peshwa /
_cC.K. Srinivasan
260 _aNew York :
_bAsia Pub. House,
_cc1961.
300 _a152 p. :
_bill. ;
_c23 cm.
504 _aIncludes index.
600 0 0 _aBaji Rao
_cPeshwa,
_d1700-1740.
_9101022
942 _2ddc
_cBK
999 _c26307
_d26307